02375nam a22003737a 4500999001500000003000400015005001700019008004100036020001800077040001100095245015000106260004900256300001900305310001800324362001700342505015500359505012900514505011700643505015400760505013400914505012101048505011401169505006201283505010401345505008801449505017601537505008901713650001701802700004401819700004401863866000601907942001201913952007601925 c6585d6585OSt20260414094835.0240305b ||||| |||| 00| 0 spa d a9789873048456 cPJ-TDF10aRevista de Derecho de Daños :bprevención del daño. Perspectivas procesales /cJorge Mosset Iturraspe ; Ricardo Luis Lorenzetti directores. aBuenos Aires : bRubinzal - Culzoni, c2024. a664 p.c22 cm. acuatrimestral aNo. 1 (2024) tLa función preventiva del derecho de daños y los instrumentos para la prevención del daño en el derecho uruguayo /rAndrés Mariño López. tPasado y presente de la implementación de la prevención del daño en el derecho privado argentino /rAída Kemelmajer. tPresupuestos sustanciales y requisitos de procedencia de la prevención del daño /rFernando Alfredo Sagarna. tLa problemática de la implementación de la suspensión preventiva de la ejecución del contrato /rSandra A. Frustagli y Julieta B. Trivisonno. tLa implementación de la prevención en favor de las personas consumidoras: experiencias y desafíos /rCarlos A. Hernández. tDerecho de las mujeres a vivir una vida digna. la prevención del daño - impuesto al tampón /rGraciela Medina. tHerramientas del derecho de sociedades para la prevención del daño /rJimena Márquez y Horacio Roitman. tSeguro y prevención del daño /rMiguel A. Piedecasas. tActivismo preventivo judicial, oralidad y sus límites /r Julieta B. Hauser y Federico A. Ossola. tPrevención del daño a través de las medidas cautelares /rAna Clara Pauletti. tTutela anticipada en la prevención y en la reparación de daños - recaudos para su despacho y diferencias con otras herramientas procesales /rAndrés Manuel Marfil. tMonitoreo de la ejecución de la sentencia preventiva de daños /rAndrea A. Mero. 093331aDAÑO 9528aMosset Iturraspe, Jorge edirector aLorenzetti, Ricardo Luisedirector9529 a. 2udccPP 00102udc4070aDJSbDJSd2026-02-27p6741r2026-02-27w2026-02-27yPP